| 000 | 00977nas a2200313 4500 | ||
|---|---|---|---|
| 001 | BR2014005335 | ||
| 003 | BR-BrBNA | ||
| 005 | 20231205124425.0 | ||
| 007 | ta | ||
| 008 | 230509b bl.|||p| |||| 00| 00por d | ||
| 040 |
_aBR-BrBNA _bpor _cBiblioteca Nacional de Agricultura |
||
| 041 | _a(Pt) | ||
| 072 | _aF30 | ||
| 100 | 1 | _aAlves, A.F. | |
| 100 | 1 | _aNascimento, I.R. do | |
| 100 | 1 | _aTicona-Benavente, C.A. | |
| 100 | 1 | _aFaria, M.V. | |
| 100 | 1 | _aSarmento, R. de A. | |
| 100 | 1 | _aFigueira, A. dos R. | |
| 100 | 1 | _aMaluf, W.R. | |
| 245 | 1 | _aHerança da resistência do acesso de melancia PI 595201 a isolado de PRSV-W do estado do Tocantins | |
| 650 | _aMELANCIA | ||
| 650 | _aPARÂMETRO GENÉTICO | ||
| 650 | _aGENE | ||
| 773 | 0 |
_tBragantia (Brazil) _xISSN 1678-4499 _g(Apr-Jun 2014), v. 73(2) p. 138-142 _wBR2014005335 |
|
| 856 | 4 | 0 | _uhttp://www.scielo.br/pdf/brag/v73n2/v73n2a07.pdf |
| 909 |
_a202311 _bLúcia _c55 _dLúcia Elande |
||
| 942 |
_2AGRIS _n0 _cANA |
||
| 999 |
_c239003 _d239003 |
||